Revista de filosofía. (Record no. 172904)

MARC details
000 -CABECERA
campo de control de longitud fija 01438cas a2200265 a 4500
005 - FECHA Y HORA DE LA ÚLTIMA TRANSACCIÓN
campo de control 20240316063748.0
006 - ELEMENTOS DE LONGITUD FIJA – CARACTERÍSTICAS DE MATERIALES ADICIONALES – INFORMACIÓN GENERAL
campo de control de longitud fija s|||||o|||| 00| 0
008 - ELEMENTOS DE LONGITUD FIJA--INFORMACIÓN GENERAL
campo de control de longitud fija 991125c2006 cl ar p|o 000 0 spa d
022 ## - NÚMERO INTERNACIONAL NORMALIZADO PARA PUBLICACIONES SERIADAS
Número Internacional Normalizado para Publicaciones Seriadas 0718-4360
035 ## - NÚMERO DE CONTROL DEL SISTEMA
Número de control de sistema UPN01000200803
040 ## - FUENTE DE LA CATALOGACIÓN
Centro catalogador/agencia de origen MX-MxUPN
Lengua de catalogación spa
049 ## - COLECCIÓN
Colección REV-E
245 00 - MENCIÓN DE TÍTULO
Título Revista de filosofía.
Medio [recurso electrónico en línea]
260 ## - PUBLICACIÓN, DISTRIBUCIÓN, ETC.
Lugar de publicación, distribución, etc. Santiago :
Nombre del editor, distribuidor, etc. Universidad de Chile. Facultad de Filosofía y Humanidades,
Fecha de publicación, distribución, etc. 2006 -
310 ## - FRECUENCIA ACTUAL DE LA PUBLICACION
Periodicidad actual Anual
506 0# - NOTA DE RESTRICCIONES AL ACCESO
Limitaciones de acceso Acceso abierto.
510 0# - NOTA DE CITAS O REFERENCIAS BIBLIOGRÁFICAS
Nombre de la fuente Humanities International Complete.
510 0# - NOTA DE CITAS O REFERENCIAS BIBLIOGRÁFICAS
Nombre de la fuente SciELO.
510 0# - NOTA DE CITAS O REFERENCIAS BIBLIOGRÁFICAS
Nombre de la fuente Latindex.
520 ## - NOTA DE RESUMEN, ETC.
Sumario, etc. "La Revista de Filosofía es una revista universitaria de filosofía dirigida a los profesores, estudiantes y estudiosos de la disciplina. Publica artículos originales de investigación por autores nacionales y extranjeros. La revista se interesa en todas las áreas de la filosofía, está abierta a todas las corrientes del pensamiento y no discrimina entre ellas. Ocasionalmente publica homenajes a filósofos distinguidos y obras filosóficas memorables. En todos los números hay una sección de recensiones críticas de libros filosóficos recientes, publicados en castellano o en otros idiomas. La Revista de Filosofía aparece en Noviembre de cada año".
Fuente proveedora Revista de filosofía.
650 #4 - ASIENTO SECUNDARIO DE MATERIA - TERMINO TEMATICO
Término de materia o nombre geográfico como elemento de entrada Filosofía
9 (RLIN) 5327
856 4# - LOCALIZACIÓN Y ACCESO ELECTRÓNICOS
Identificador Uniforme del Recurso <a href="https://revistafilosofia.uchile.cl/">https://revistafilosofia.uchile.cl/</a>
905 ## - TIPO DE MATERIAL
Tipo de material Revista
942 ## - ELEMENTOS DE PUNTO DE ACCESO ADICIONAL (KOHA)
Tipo de ítem Koha Revista Electrónica
Holdings
Estado de retiro Estado de pérdida Estado dañado No para préstamo Código de colección Localización permanente Ubicación/localización actual Ubicación en estantería Fecha de adquisición Fecha visto por última vez Identificador Uniforme del Recurso Tipo de ítem Koha
        Acceso abierto Bib. Gregorio Torres Quintero Bib. Gregorio Torres Quintero En línea 20/05/2022 20/05/2022 https://revistafilosofia.uchile.cl/ Revista Electrónica